Telephone and fax

Bibliographic Details
Main Author: Oxlade, Chris
Corporate Author: Title
Format: Book
Published: USA : Heinemann Library , 2001
Series:Communicating today
Subjects:

MARC

LEADER 00000cam a2200000 7i4500
001 0000003677
005 20151222.0
008 070719
020 |a 0431113734 
090 0 0 |a SC   |b ENG 
100 1 |a Oxlade, Chris 
245 1 0 |a Telephone and fax   |c Chris Oxlade 
260 |a USA :   |b Heinemann Library ,   |c 2001 
440 0 |a Communicating today 
500 |a Children ages 10-12 years old (pink) 
650 0 |a Facsimile transmission   |x Juvenile 
650 0 |a Telephone   |x Juvenile literature 
710 0 |a Title 
999 |a 0000954940   |b Book   |c Children Collection   |e Perbadanan Perpustakaan Awam Johor 
999 |a 0000954941   |b Book   |c Children Collection   |e Cawangan Taman Universiti 
999 |a 0000954942   |b Book   |c Children Collection   |e Cawangan Sri Merlong